000 01756cam a2200157 4500500
005 20260208005816.0
041 _afre
042 _adc
100 1 0 _aAutrand, Michel
_eauthor
245 0 0 _aIdéal démocratique et censure théâtrale sous la troisième république
260 _c2005.
500 _a10
520 _aEn Suisse, la figure de Guillaume Tell représentait la conscience de soi des confédérés et elle incarnait tous les opprimés. Dans la tragédie de Samuel Henzi primitivement intitulée Grisler ou l’Helvétie délivrée (1748), le protagoniste, figure du despote, s’oppose à Guillaume Tell ; quand la tyrannie est renversée, celui-ci proclame un programme républicain reposant sur l’égalité devant la loi. Tragédie encore, ou « pièce républicaine » (Laharpe), le Guillaume Tell d’Antoine-Marin Lemierre (1766) exalte la simplicité vertueuse des habitants des montagnes, et Guillaume y apparaît entouré des confédérés. Quand, sous la Révolution, Guillaume rejoint Brutus au panthéon républicain, la pièce de Lemierre, fraîchement accueillie à sa sortie, connaît un regain de succès. Schiller, à son tour, lie dans son Wilhelm Tell l’idée de la liberté suisse à une nature sublime, fidèle aux récits de voyage de l’époque ; mais sa pièce, réagissant contre la récupération de la figure de Guillaume par les Jacobins, célèbre d’abord une communauté reposant sur la fraternité et relayant un ancien modèle social dominé par la figure du Père.
786 0 _nRevue d'histoire littéraire de la France | 105 | 2 | 2005-03-01 | p. 301-312 | 0035-2411
856 4 1 _uhttps://shs.cairn.info/revue-d-histoire-litteraire-de-la-france-2005-2-page-301?lang=fr&redirect-ssocas=7080
999 _c1653867
_d1653867